• 首页
  • 本馆介绍
  • 公告通知
  • 最新文献
  • 馆藏检索
  • 电子资源
  • 读者导购
  • 参考咨询
  • 我的图书馆
  • 登录
  • 详细信息显示
  • 放入我的书架
  • 预约/预借图书
  • 作者相关作品
  • 分类相关作品
  • 丛书相关作品
  • 出版社相关作品

书目信息

  • 表格格式
  • 工作单格式
  • 卡片格式
题名:
论语选读
    
 
作者: 青宇 主编
分册:  
出版信息: 南昌   江西美术出版社  2016
页数: 211页
开本: 22cm
丛书名:
单 册:
中图分类: B222.22
科图分类:
主题词: 儒家
电子资源:
ISBN: 978-7-5480-4755-1
000 01090nam0 2200265 450
001 012024000095
005 20240924225023.0
010    @a978-7-5480-4755-1@dCNY16.80
100    @a20240924d2016 cemy0chiy50 ea
101 0  @achi
102    @aCN@b360000
105    @aa z 000yy
106    @ar
200 1  @a论语选读@Alun yu xuan du@f青宇主编
210    @a南昌@c江西美术出版社@d2016
215    @a211页@c彩图@d22cm
300    @a彩图拼音版少儿经典文库 经典典藏美绘本
300    @a小学生课外拓展推荐阅读图书
330    @a本系列既有充满神奇浪漫色彩的神话传说、民间故事,也有开拓人心智的童话、寓言、名人轶事、历史传说、幽默故事、小品等。而且,它们都是经过精心剪裁、提炼的世界故事宝库中最为脍炙人口的名篇佳作,其中所表达的对真善美必胜的乐观信念,对假恶丑的嘲讽和无情鞭鞑,对于开拓我们的智力,陶冶我们的性情,锻炼我们的意志,完善我们的精神,都会有很大的帮助。
605    @a《论语》@j少儿读物
606 0  @a儒家
690    @aB222.22@v5
701  0 @a青宇@Aqing yu@4主编
801  0 @aCN@bAHXH@c20240924
905    @b214133409@b214133418@b214133427@b214133436@b214133445@dB222.22@e1093@f5
    
    论语选读/青宇主编.-南昌:江西美术出版社,2016
    211页:彩图;22cm
    彩图拼音版少儿经典文库 经典典藏美绘本.-小学生课外拓展推荐阅读图书
    
    ISBN 978-7-5480-4755-1:CNY16.80
    本系列既有充满神奇浪漫色彩的神话传说、民间故事,也有开拓人心智的童话、寓言、名人轶事、历史传说、幽默故事、小品等。而且,它们都是经过精心剪裁、提炼的世界故事宝库中最为脍炙人口的名篇佳作,其中所表达的对真善美必胜的乐观信念,对假恶丑的嘲讽和无情鞭鞑,对于开拓我们的智力,陶冶我们的性情,锻炼我们的意志,完善我们的精神,都会有很大的帮助。
●
相关链接 在E读中查询图书 在五车中查询图书 在当当中查询图书 在豆瓣中查询图书


正题名:论语选读     索取号:B222.22/1093         预约/预借

序号 登录号 条形码 馆藏地/架位号 状态 备注
1 1413340   214133409   第一样本阅览室/ [索取号:B222.22/1093] 在馆    
2 1413341   214133418   第一借阅区/ [索取号:B222.22/1093] 在馆    
3 1413342   214133427   第一借阅区/ [索取号:B222.22/1093] 在馆    
4 1413343   214133436   第一借阅区/ [索取号:B222.22/1093] 在馆    
5 1413344   214133445   第一借阅区/ [索取号:B222.22/1093] 在馆    
唐山师范学院图书馆 欢迎您!
大连网信软件有限公司© 版权所有